Principal Areas of Wales Quiz Stats

Quiz not verified by Sporcle

Challenge
Share
Tweet
Embed
Score 0/22 Timer 07:00
0 Plays Today
Headquaters Principal Area % Correct
Cardiff Cardiff (Caerdydd)
92.3%
SwanseaSwansea (Abertawe)
81.5%
Bridgend Bridgend (Pen-y-bont ar Ogwr)
80%
NewportNewport (Casnewydd)
80%
Carmarthen Carmarthenshire (Sir Gar)
76.9%
ConwyConwy
75.4%
Aberystwyth and AberaeronCeredigion
73.8%
WrexhamWrexham (Wrecsam)
73.8%
Merthyr TydfilMerthyr Tydfil (Merthyr Tudful)
70.8%
Llandrindod WellsPowys
69.2%
Port TalbotNeath Port Talbot (Castell Nedd Port Talbot)
66.2%
Headquaters Principal Area % Correct
HaverfordwestPembrokeshire (Sir Benfro)
64.6%
CaernarfonGwynedd
63.1%
BarryVale of Glamorgan (Bro Morgannwg)
61.5%
LlangefniIsle of Anglesey (Ynys Mon)
58.5%
MoldFlintshire (Sir y Fflint)
55.4%
Ebbw Vale Blaenau Gwent
52.3%
RuthinDenbighshire (Sir Ddinbych)
52.3%
CwmbranMonmouthshire (Sir Fynwy)
44.6%
Clydach ValeRhondda Cynon Taf
43.1%
PontypoolTorfaen (Tor-faen)
43.1%
HengoedCaerphilly (Caerffili)
41.5%

You're not logged in!

Compare scores with friends on all Sporcle quizzes.
Join for Free
OR
Log In

You Might Also Like...

Show Comments

Extras

Top Quizzes Today


Score Distribution

Your Account Isn't Verified!

In order to create a playlist on Sporcle, you need to verify the email address you used during registration. Go to your Sporcle Settings to finish the process.

Report this User

Report this user for behavior that violates our Community Guidelines.

Details: